00245nam a2200097Ia 4500003000500000008004100005040001900046100002300065245002700088260003200115PILC220421s2010 xx 000 0 und d cEARIST LIBRARY aJonathan B. Cabero 0aDiscrete Mathematics / bNational Bookstore :c2010.